| 000 | 00846cam a2200277 a 4500 | ||
|---|---|---|---|
| 001 | 24463 | ||
| 003 | BD-RjUL | ||
| 005 | 20211209001044.0 | ||
| 008 | 140313t1952 n b b 001 0 eng d | ||
| 035 | _a(BD-RjUL)24530 | ||
| 040 |
_aDLC _beng _cDLC _dBD-RjUL |
||
| 041 | _aeng | ||
| 082 | 0 | 4 |
_a940.28 _bROR 1952 |
| 100 | 1 |
_aRobertson, Priscilla Smith. _975310 |
|
| 245 | 1 | 0 |
_aRevolutions of 1848 : _ba social history / _cPriscilla Robertson |
| 260 |
_aPrinceton : _bPrinceton University Press, _c1952. |
||
| 300 |
_axi, 464 p. : _bmaps ; _c25 cm. |
||
| 500 | _aFirst Princeton reprint, 1967, is 21 cm | ||
| 504 | _aBibliographical reference and index, | ||
| 504 | _aIncludes index | ||
| 650 | 0 |
_aRevolutions _zEurope _975311 |
|
| 651 | 0 |
_aEurope _xHistory _y1848-1849 _975214 |
|
| 942 |
_2ddc _cBK |
||
| 999 |
_c24463 _d24463 |
||